00000000nam 2200000zi 4500
0019.947284
003CaOODSP
00520250306080029
006m     o  d f      
007cr mn|||||||||
008250122e202503##qucab   ob   f000 0 fre d
020 |a9780660753843
040 |aCaOODSP|bfre|erda|cCaOODSP
043 |an-cn---
0861 |aEn84-395/2025F-PDF
24500|aRapport sur l'état des substances perfluoroalkyliques et polyfluoroalkyliques (SPFA).
264 1|a[Gatineau, Québec] : |bGouvernement du Canada = Government of Canada, |cmars 2025.
264 4|c©2025
300 |a1 ressource en ligne (318 pages) : |billustrations en couleur, carte en couleur
336 |atexte|btxt|2rdacontent/fre
337 |ainformatique|bc|2rdamedia/fre
338 |aressource en ligne|bcr|2rdacarrier/fre
500 |aPublié aussi en anglais sous le titre : State of per- and polyfluoroalkyl substances (PFAS) report.
504 |aComprend des références bibliographiques.
520 |a« Conformément à l'article 68 de la Loi canadienne sur la protection de l'environnement (1999) [LCPE; Canada 1999], les ministres de l'Environnement et de la Santé ont préparé un rapport sur la catégorie des substances perfluoroalkyliques et polyfluoroalkyliques (SPFA) afin de présenter un aperçu de leurs sources, de leur devenir, de leur présence et de leurs possibles répercussions sur l'environnement et la santé humaine. Cette catégorie de substances a été jugée prioritaire pour une évaluation parce que les données scientifiques recueillies à ce jour indiquent que les SPFA utilisées pour remplacer les SPFA réglementées (c'est-à-dire le sulfonate de perfluorooctane [SPFO] et ses sels et précurseurs, l'acide perfluorooctanoïque [APFO] et ses sels et précurseurs, ainsi que les acides perfluorocarboxyliques à longue chaîne [APFC à LC] et leurs sels et précurseurs) peuvent également être associées à des effets sur l'environnement ou la santé humaine. Le présent rapport et ses conclusions visent à éclairer la prise de décisions concernant la catégorie des SPFA au Canada. … » -- Introduction, page 8.
650 6|aComposés perfluorés|xAspect de l'environnement|zCanada.
650 6|aComposés perfluorés|xAspect sanitaire|zCanada.
650 6|aComposés perfluorés|xToxicologie|zCanada.
650 6|aEnvironnement|xSurveillance|zCanada.
650 6|aSurveillance biologique|zCanada.
650 6|aComposés perfluorés|xAspect de l'environnement.
650 6|aComposés perfluorés|xAspect sanitaire.
650 6|aComposés perfluorés|xToxicologie.
650 6|aEnvironnement|xSurveillance.
650 6|aSurveillance biologique.
7101 |aCanada. |bEnvironnement et changement climatique Canada, |eorganisme de publication.
7101 |aCanada. |bSanté Canada, |eorganisme de publication.
77508|tState of per- and polyfluoroalkyl substances (PFAS) report.|w(CaOODSP)9.947283
85640|qPDF|s2.78 Mo|uhttps://publications.gc.ca/collections/collection_2025/eccc/En84-395-2025-fra.pdf
8564 |qHTML|sS.O.|uhttps://www.canada.ca/fr/environnement-changement-climatique/services/evaluation-substances-existantes/rapport-etat-substances-perfluoroalkyliques-polyfluoroalkyliques.html